[Event "49th RUS-ch (w)"]
[Site "Moscow RUS"]
[Date "1999.05.22"]
[Round "7"]
[White "Shumiakina, Tatiana"]
[Black "Strutinskaya, Galina"]
[Result "1/2-1/2"]
[WhiteElo "2407"]
[BlackElo "2295"]
[EventDate "1999.05.15"]
[PlyCount "148"]

1.d4 d5 2.c4 c6 3.Nc3 Nf6 4.Nf3 e6 5.e3 Nbd7 6.Qc2 Bd6 7.Bd3 h6 8.O-O O-O 
9.b3 e5 10.cxd5 cxd5 11.Nb5 Bb8 12.dxe5 Nxe5 13.Nxe5 Bxe5 14.Bb2 Bxb2 15.
Qxb2 Bd7 16.Rfd1 a6 17.Nd4 Qb6 18.Nf5 Rfe8 19.Rd2 Rad8 20.Rad1 Bc8 21.Bb1 
g6 22.Ng3 Bg4 23.Rc1 Rc8 24.h3 Rxc1+ 25.Qxc1 Rc8 26.Qb2 Bd7 27.Ne2 Qc6 28.
Qd4 Kg7 29.Rc2 Qb5 30.Rxc8 Bxc8 31.Bd3 Qa5 32.Nc3 Be6 33.a4 Qc7 34.b4 Qe7 
35.b5 a5 36.b6 Qb4 37.Qxb4 axb4 38.Nd1 Nd7 39.a5 Nc5 40.Bb5 Bc8 41.Nb2 Kf6
42.Kf1 Nb3 43.Nd3 Nxa5 44.Nxb4 Ke5 45.Ke2 Nc4 46.Bxc4 dxc4 47.Kd2 Kd6 48.
Kc3 Kc5 49.Nc2 Bf5 50.Nd4 Be4 51.g4 Bd5 52.f3 f6 53.e4 Bf7 54.h4 Kxb6 55.
Kb4 Kc7 56.f4 Kd7 57.Nc2 h5 58.gxh5 gxh5 59.Ne3 Bg6 60.Nd5 Ke6 61.Nc3 Bxe4
62.Nxe4 Kf5 63.Nd6+ Kxf4 64.Kxc4 Kg4 65.Kd4 Kxh4 66.Ke3 Kg3 67.Ne4+ Kg2 
68.Nxf6 h4 69.Nd5 b5 70.Nf4+ Kg3 71.Ne2+ Kg2 72.Nf4+ Kg1 73.Kf3 b4 74.Kg4 
b3 1/2-1/2

[Event "49th RUS-ch (w)"]
[Site "Moscow RUS"]
[Date "1999.05.22"]
[Round "7"]
[White "Verevochkina, Elena"]
[Black "Slavina, Irina"]
[Result "0-1"]
[WhiteElo "2150"]
[BlackElo "2265"]
[EventDate "1999.05.15"]
[PlyCount "118"]

1.d4 Nf6 2.e3 g6 3.Nf3 Bg7 4.c4 O-O 5.Nc3 c5 6.Be2 cxd4 7.exd4 d5 8.h3 
dxc4 9.Bxc4 Nbd7 10.O-O a6 11.a4 Nb6 12.Bb3 Nbd5 13.Re1 Re8 14.Ng5 e6 15.
Qf3 Nxc3 16.bxc3 Bd7 17.Ne4 Nxe4 18.Qxe4 Bc6 19.Qd3 b5 20.Be3 Qd7 21.axb5 
axb5 22.Qd2 Qb7 23.f3 Qd7 24.Bc2 Rec8 25.Reb1 Rxa1 26.Rxa1 Qc7 27.Bd3 Bd7 
28.Rc1 Bf8 29.Qb2 Ra8 30.Bxb5 Ba3 31.Qa2 Bxb5 32.Ra1 Bc6 33.Bh6 Qc8 34.Qe2
Bf8 35.Rxa8 Qxa8 36.Bxf8 Qxf8 37.c4 Qb4 38.Qd3 h5 39.c5 e5 40.dxe5 Qxc5+ 
41.Kh1 Qxe5 42.Qc4 Bd5 43.Qb4 Kg7 44.Qa4 Qc3 45.Qh4 Qf6 46.Qf2 h4 47.Qe2 
Qd4 48.Kh2 Bc4 49.Qc2 Qe5+ 50.Kg1 Qe1+ 51.Kh2 Bf1 52.f4 Qg3+ 53.Kg1 Qxf4 
54.Qc6 Bc4 55.Qe8 Bd5 56.Qe2 Qg5 57.Qb2+ Kh7 58.Qe2 f5 59.Kh1 Qxg2+ 0-1

[Event "49th RUS-ch (w)"]
[Site "Moscow RUS"]
[Date "1999.05.22"]
[Round "7"]
[White "Zaitseva, Ludmila"]
[Black "Fatalibekova, Elena"]
[Result "1/2-1/2"]
[WhiteElo "2334"]
[BlackElo "2271"]
[EventDate "1999.05.15"]
[PlyCount "93"]

1.d4 Nf6 2.Bg5 e6 3.e3 b6 4.Nf3 Bb7 5.Bd3 c5 6.Nbd2 cxd4 7.exd4 Be7 8.O-O 
O-O 9.Re1 Nc6 10.a3 Nd5 11.Bxe7 Ncxe7 12.c4 Nf4 13.Bf1 d6 14.g3 Nh5 15.Ng5
Nf6 16.Bd3 Nc6 17.Ndf3 h6 18.Ne4 Nxe4 19.Bxe4 Na5 20.Bxb7 Nxb7 21.b4 a5 
22.Qd3 Qd7 23.Qb3 Rfc8 24.Nd2 Nd8 25.b5 Nb7 26.a4 Re8 27.Qf3 Rac8 28.Rac1 
e5 29.Nb3 exd4 30.Rxe8+ Rxe8 31.Nxd4 Nc5 32.Nf5 Re5 33.Ne3 Nxa4 34.Rd1 Nc3
35.Rd4 a4 36.Kg2 f5 37.Rf4 Ne4 38.Nxf5 Ng5 39.Qa8+ Kh7 40.h4 Rxf5 41.Rxf5 
Qxf5 42.hxg5 hxg5 43.Qxa4 Qe4+ 44.Kh2 d5 45.Qa7 dxc4 46.Qxb6 c3 47.Qc5 
1/2-1/2

[Event "49th RUS-ch (w)"]
[Site "Moscow RUS"]
[Date "1999.05.22"]
[Round "7"]
[White "Zakurdyaeva, Irina"]
[Black "Kovalevskaya, Ekaterina"]
[Result "1-0"]
[WhiteElo "2143"]
[BlackElo "2494"]
[EventDate "1999.05.15"]
[PlyCount "115"]

1.e4 c5 2.Nf3 d6 3.d4 cxd4 4.Nxd4 Nf6 5.Nc3 Nc6 6.f3 e6 7.Be3 a6 8.Qd2 d5 
9.O-O-O Bb4 10.g4 Ne7 11.g5 Nd7 12.a3 Bxc3 13.Qxc3 e5 14.Nf5 Nxf5 15.exf5 
d4 16.Bxd4 exd4 17.Re1+ Kf8 18.Qb4+ Kg8 19.Bc4 Qxg5+ 20.f4 Qxf4+ 21.Kb1 h5
22.Qe7 Kh7 23.Qxf7 Rf8 24.Qg6+ Kh8 25.Re8 b5 26.Rg1 Qh6 27.Rxf8+ Nxf8 28.
Qf7 Be6 29.fxe6 bxc4 30.e7 Qf6 31.Qxh5+ Nh7 32.e8=Q+ Rxe8 33.Qxe8+ Nf8 34.
Qh5+ Nh7 35.Re1 g6 36.Re8+ Kg7 37.Qd5 c3 38.Rd8 Qf1+ 39.Ka2 cxb2 40.Qxd4+ 
Nf6 41.Kxb2 Qb5+ 42.Ka2 Qc6 43.Qa7+ Kh6 44.Rh8+ Kg5 45.Qe3+ Kf5 46.Qd3+ 
Ne4 47.Rh4 g5 48.Rxe4 Qxe4 49.Kb3 g4 50.Qxe4+ Kxe4 51.c4 Ke5 52.Kb4 Kd6 
53.c5+ Kd5 54.a4 Kc6 55.Kc4 Kc7 56.Kd5 Kd7 57.c6+ Kc8 58.Kd6 1-0

[Event "49th RUS-ch (w)"]
[Site "Moscow RUS"]
[Date "1999.05.23"]
[Round "8"]
[White "Andreeva, Natalia"]
[Black "Verevochkina, Elena"]
[Result "1-0"]
[WhiteElo "2254"]
[BlackElo "2150"]
[EventDate "1999.05.15"]
[PlyCount "133"]

1.Nf3 f5 2.g3 Nf6 3.Bg2 e6 4.O-O d5 5.d4 Bd6 6.c4 c6 7.b3 Qe7 8.Bb2 O-O 9.
Nbd2 b6 10.Rc1 Bb7 11.Ne5 c5 12.cxd5 exd5 13.Nd3 Nbd7 14.Nf3 Rac8 15.dxc5 
bxc5 16.e3 Ne4 17.Rc2 Nb6 18.Nf4 a5 19.Qd3 Ra8 20.Rb1 a4 21.bxa4 Bc7 22.
Be5 Bxe5 23.Nxe5 Nxa4 24.Nxd5 Qxe5 25.Rxb7 Rfd8 26.Ne7+ Kh8 27.Rd7 Qxe7 
28.Rxe7 Rxd3 29.Bxe4 fxe4 30.Rxe4 Rc3 31.Rxa4 Rxa4 32.Rxc3 Rxa2 33.Rxc5 
Kg8 34.Rc7 h6 35.h4 h5 36.Rc5 g6 37.Rc7 Rb2 38.Kg2 Kf8 39.Kf3 Rb4 40.e4 
Rb2 41.Rc3 Kf7 42.Re3 Ke6 43.Re2 Rb5 44.Kf4 Ra5 45.Re3 Kf6 46.f3 Re5 47.g4
hxg4 48.Kxg4 Rh5 49.f4 Kf7 50.Ra3 Rb5 51.e5 Rb1 52.Rg3 Rh1 53.Kg5 Rh2 54.
Rg4 Rh1 55.Kh6 Rh2 56.e6+ Kxe6 57.Kxg6 Ke7 58.f5 Kf8 59.f6 Rh1 60.h5 Rf1 
61.h6 Kg8 62.h7+ Kh8 63.f7 Rf2 64.Rg5 Rf1 65.Rf5 Rg1+ 66.Kf6 Kxh7 67.Rh5# 
1-0

[Event "49th RUS-ch (w)"]
[Site "Moscow RUS"]
[Date "1999.05.23"]
[Round "8"]
[White "Polovnikova, Ekaterina"]
[Black "Ovod, Evgenia"]
[Result "1-0"]
[WhiteElo "2336"]
[BlackElo "2290"]
[EventDate "1999.05.15"]
[PlyCount "119"]

1.d4 d5 2.c4 c6 3.Nf3 e6 4.Qc2 Bd6 5.g3 f5 6.Bf4 Bxf4 7.gxf4 Nf6 8.e3 O-O 
9.Nbd2 Bd7 10.Rg1 Be8 11.Be2 Bh5 12.Ne5 Bxe2 13.Kxe2 Nbd7 14.Ndf3 Nxe5 15.
Nxe5 Rc8 16.c5 Qa5 17.a3 Qb5+ 18.Nd3 a5 19.Rab1 Nd7 20.Kf3 Rf6 21.b4 a4 
22.Nb2 Rh6 23.Nxa4 Rxh2 24.Nc3 Qa6 25.a4 Nf6 26.Rg2 Rxg2 27.Kxg2 Rf8 28.b5
Qa8 29.f3 Qe8 30.Qf2 Nh5 31.Kf1 Rf6 32.bxc6 bxc6 33.Rb7 Rh6 34.Ke2 Nf6 35.
Kd3 Qh5 36.a5 Qh1 37.Rb1 Rh2 38.Rxh1 Rxf2 39.Ra1 Ne8 40.a6 Nc7 41.a7 h5 
42.a8=Q+ Nxa8 43.Rxa8+ Kh7 44.Ra2 Rxf3 45.Rh2 Kh6 46.Ke2 Rg3 47.Kf2 Rg4 
48.Ne2 h4 49.Ng1 g5 50.Nf3 gxf4 51.Rxh4+ Rxh4 52.Nxh4 fxe3+ 53.Kxe3 Kg5 
54.Ng2 Kf6 55.Kf4 e5+ 56.dxe5+ Ke6 57.Ne1 d4 58.Nd3 Kd5 59.Kxf5 Kc4 60.Ke4
1-0

[Event "49th RUS-ch (w)"]
[Site "Moscow RUS"]
[Date "1999.05.23"]
[Round "8"]
[White "Chasovnikova, Evgenia"]
[Black "Ershova, Svetlana"]
[Result "1-0"]
[WhiteElo "2247"]
[BlackElo "2263"]
[EventDate "1999.05.15"]
[PlyCount "67"]

1.d4 Nf6 2.Nf3 g6 3.Bg5 Bg7 4.c3 d5 5.e3 c6 6.Be2 Bf5 7.O-O O-O 8.c4 Ne4 
9.Bf4 Nd7 10.Nc3 Nxc3 11.bxc3 b6 12.cxd5 cxd5 13.Ba6 e5 14.Nxe5 Nxe5 15.
Bxe5 Bxe5 16.dxe5 Qc7 17.Qd4 Rab8 18.a4 Qc5 19.Rfd1 Qa5 20.Bb5 a6 21.Be2 
Rbc8 22.Rac1 Rc5 23.h4 Bd7 24.e4 Be6 25.f4 dxe4 26.Qxe4 Bb3 27.Rd6 Be6 28.
Qd4 Rfc8 29.h5 Kg7 30.f5 Rd5 31.Qh4 Qc5+ 32.Kh1 Rxd6 33.Qf6+ Kf8 34.exd6 
1-0

[Event "49th RUS-ch (w)"]
[Site "Moscow RUS"]
[Date "1999.05.23"]
[Round "8"]
[White "Galianina, Yulia"]
[Black "Matveeva, Svetlana"]
[Result "1-0"]
[WhiteElo "2300"]
[BlackElo "2405"]
[EventDate "1999.05.15"]
[PlyCount "61"]

1.d4 e6 2.c4 b6 3.e4 Bb7 4.Bd3 f5 5.exf5 Bb4+ 6.Kf1 Nf6 7.Be2 O-O 8.c5 
bxc5 9.a3 Ba5 10.dxc5 Nd5 11.Nf3 Qf6 12.Qc2 h6 13.h4 c6 14.fxe6 dxe6 15.
Nbd2 Bxd2 16.Bxd2 Nd7 17.Kg1 a5 18.Rf1 a4 19.Rh3 Ba6 20.Bxa6 Rxa6 21.Bc1 
Ra5 22.Rg3 Nxc5 23.Qd2 Ra7 24.Qc2 Ra5 25.Rg6 Qf5 26.Qxf5 Rxf5 27.Nd4 Ne7 
28.Rg3 Rd5 29.Bxh6 g6 30.Be3 e5 31.Nxc6 1-0

[Event "49th RUS-ch (w)"]
[Site "Moscow RUS"]
[Date "1999.05.23"]
[Round "8"]
[White "Gansvind, Valeria"]
[Black "Mirzoeva, Elmira"]
[Result "1-0"]
[WhiteElo "2240"]
[BlackElo "2161"]
[EventDate "1999.05.15"]
[PlyCount "51"]

1.d4 Nf6 2.Bg5 Ne4 3.Bh4 c5 4.f3 g5 5.fxe4 gxh4 6.c3 e6 7.Nf3 b6 8.Qd2 Bb7
9.d5 Qf6 10.Na3 Bh6 11.e3 exd5 12.exd5 Na6 13.Bc4 h3 14.Rf1 hxg2 15.Qxg2 
Qe7 16.O-O-O O-O-O 17.Kb1 Qxe3 18.Rde1 Qf4 19.Ne5 Rhg8 20.Qe2 Qh4 21.Bxa6 
Rde8 22.Bxb7+ Kxb7 23.Nb5 Bf8 24.d6 a6 25.Qf3+ Kb8 26.Nxd7+ 1-0

[Event "49th RUS-ch (w)"]
[Site "Moscow RUS"]
[Date "1999.05.23"]
[Round "8"]
[White "Grabuzova, Tatiana"]
[Black "Shumiakina, Tatiana"]
[Result "1/2-1/2"]
[WhiteElo "2281"]
[BlackElo "2407"]
[EventDate "1999.05.15"]
[PlyCount "94"]

1.b3 e5 2.Bb2 Nc6 3.c4 Nf6 4.e3 d5 5.cxd5 Nxd5 6.a3 Bd6 7.Qc2 O-O 8.Nf3 
Qe7 9.d3 Kh8 10.Nbd2 Bg4 11.Be2 f5 12.h3 Bh5 13.g4 fxg4 14.hxg4 Bxg4 15.
Nh4 Qf7 16.Ne4 Bxe2 17.Qxe2 Be7 18.O-O-O h6 19.Rdg1 Bxh4 20.Rxh4 Nf6 21.
Nxf6 Qxf6 22.Rhg4 Qxf2 23.Qxf2 Rxf2 24.Rxg7 Rf1+ 25.Rxf1 Kxg7 26.d4 Re8 
27.dxe5 Kg6 28.Rf6+ Kg5 29.e4 h5 30.Kd1 Kg4 31.Rf5 h4 32.Ke2 h3 33.Kf2 Rd8
34.Bc1 h2 35.Rf4+ Kh5 36.Rf5+ Kg6 37.Rf6+ Kg7 38.Bh6+ Kh7 39.Kg2 Nxe5 40.
Bf4 Ng4 41.Rf7+ Kg6 42.Rxc7 Rd1 43.Bxh2 Rd2+ 44.Kg3 Nxh2 45.Rxb7 Nf1+ 46.
Kf3 Rb2 47.Rxa7 Rxb3+ 1/2-1/2

[Event "49th RUS-ch (w)"]
[Site "Moscow RUS"]
[Date "1999.05.23"]
[Round "8"]
[White "Kosintseva, Nadezhda"]
[Black "Kosintseva, Tatiana"]
[Result "1/2-1/2"]
[WhiteElo "2209"]
[BlackElo "2177"]
[EventDate "1999.05.15"]
[PlyCount "21"]

1.e4 d5 2.exd5 Qxd5 3.Nc3 Qa5 4.d4 Nf6 5.Nf3 c6 6.Bc4 Bf5 7.Bd2 Qc7 8.Ne5 
e6 9.g4 Bg6 10.Qe2 b5 11.Bd3 1/2-1/2

[Event "49th RUS-ch (w)"]
[Site "Moscow RUS"]
[Date "1999.05.23"]
[Round "8"]
[White "Kovalevskaya, Ekaterina"]
[Black "Fatalibekova, Elena"]
[Result "1/2-1/2"]
[WhiteElo "2494"]
[BlackElo "2271"]
[EventDate "1999.05.15"]
[PlyCount "127"]

1.e4 Nf6 2.e5 Nd5 3.d4 d6 4.Nf3 Bg4 5.Be2 e6 6.O-O Be7 7.c4 Nb6 8.h3 Bh5 
9.Nc3 O-O 10.Be3 dxe5 11.Nxe5 Bxe2 12.Qxe2 N8d7 13.Rad1 Qe8 14.Bf4 Nxe5 
15.Bxe5 Qc6 16.b3 Bd6 17.Bxd6 cxd6 18.d5 exd5 19.Nxd5 Nxd5 20.Rxd5 Rae8 
21.Qd2 Re6 22.Rd1 Rg6 23.h4 Qa6 24.Qa5 Qxa5 25.Rxa5 a6 26.Rad5 Rd8 27.c5 
Kf8 28.cxd6 Re6 29.a4 Ke8 30.R5d4 b6 31.R1d3 Kd7 32.h5 Rc8 33.Rf4 Rf8 34.
Rdf3 f6 35.Rg4 Rf7 36.Rfg3 Re1+ 37.Kh2 Re5 38.Rxg7 Rxh5+ 39.Kg1 Rxg7 40.
Rxg7+ Kxd6 41.Rf7 f5 42.Rf6+ Kc5 43.f4 a5 44.g3 b5 45.axb5 Kxb5 46.Kg2 Kb4
47.Rb6+ Kc5 48.Re6 Kb4 49.Ra6 Kb5 50.Re6 Kb4 51.Re5 Rh6 52.Rxf5 Ra6 53.Rf7
Kxb3 54.Rxh7 a4 55.g4 a3 56.Rh3+ Kc4 57.Rh1 Kd4 58.Kf3 a2 59.Rd1+ Kc4 60.
Ra1 Kd4 61.g5 Kd5 62.g6 Ke6 63.Ke4 Ra4+ 64.Kd3 1/2-1/2

[Event "49th RUS-ch (w)"]
[Site "Moscow RUS"]
[Date "1999.05.23"]
[Round "8"]
[White "Kulish, Irina"]
[Black "Strutinskaya, Galina"]
[Result "1-0"]
[WhiteElo "2280"]
[BlackElo "2295"]
[EventDate "1999.05.15"]
[PlyCount "51"]

1.e4 c5 2.Nf3 e6 3.d4 cxd4 4.Nxd4 Nf6 5.Nc3 Nc6 6.Nxc6 bxc6 7.e5 Nd5 8.Ne4
Qa5+ 9.c3 f5 10.exf6 Nxf6 11.Nd6+ Bxd6 12.Qxd6 Kf7 13.Bd3 Qd5 14.Qg3 a5 
15.O-O Ba6 16.Rd1 Bxd3 17.Rxd3 Qb5 18.Bg5 Ra7 19.Rad1 d5 20.Qh4 Qb8 21.Rf3
Qe5 22.Be3 Rha8 23.Bd4 Qe2 24.Rf1 e5 25.Bxa7 Rxa7 26.Rxf6+ 1-0

[Event "49th RUS-ch (w)"]
[Site "Moscow RUS"]
[Date "1999.05.23"]
[Round "8"]
[White "Mashinskaya, Yulia"]
[Black "Poliakova, Natalia"]
[Result "1/2-1/2"]
[WhiteElo "2354"]
[BlackElo "2218"]
[EventDate "1999.05.15"]
[PlyCount "54"]

1.d4 d5 2.Nc3 Bf5 3.Bg5 c6 4.Qd2 Nd7 5.f3 Ngf6 6.e4 dxe4 7.Qf4 Qa5 8.O-O-O
exf3 9.d5 e6 10.Nxf3 Nxd5 11.Nxd5 cxd5 12.Nd4 h6 13.Qh4 Qxa2 14.Nxf5 Qa1+ 
15.Kd2 Qxb2 16.Bd3 hxg5 17.Qxh8 O-O-O 18.Qh3 Bb4+ 19.Ke2 exf5 20.Bxf5 Re8+
21.Kf3 Qc3+ 22.Rd3 Qxc2 23.Rc1 Qxc1 24.Bxd7+ Kc7 25.Bxe8 Qf1+ 26.Ke3 Qe1+ 
27.Kf3 Qf1+ 1/2-1/2

[Event "49th RUS-ch (w)"]
[Site "Moscow RUS"]
[Date "1999.05.23"]
[Round "8"]
[White "Ovchinnikova, Yulia"]
[Black "Lundina, Aelita"]
[Result "1-0"]
[WhiteElo "2205"]
[BlackElo "2220"]
[EventDate "1999.05.15"]
[PlyCount "63"]

1.d4 Nf6 2.c4 g6 3.Nc3 Bg7 4.e4 d6 5.Be2 O-O 6.Bg5 h6 7.Be3 c6 8.h4 e5 9.
d5 b5 10.dxc6 bxc4 11.Bxc4 Nxc6 12.f3 Rb8 13.Qd2 Nd4 14.Nge2 Qb6 15.O-O 
Qxb2 16.Qxb2 Rxb2 17.Rab1 Rxb1 18.Rxb1 Nd7 19.Nd5 Nc5 20.Nxd4 exd4 21.Bf4 
Rd8 22.Rb8 Bf8 23.Bd2 Nd7 24.Ra8 Ne5 25.Ba6 Bxa6 26.Rxd8 Kg7 27.Kf2 Bc4 
28.a3 Bxd5 29.exd5 Be7 30.Ra8 Nc4 31.Ke2 Nxa3 32.Rxa7 1-0

[Event "49th RUS-ch (w)"]
[Site "Moscow RUS"]
[Date "1999.05.23"]
[Round "8"]
[White "Shadrina, Tatiana"]
[Black "Zakurdyaeva, Irina"]
[Result "1-0"]
[WhiteElo "2325"]
[BlackElo "2143"]
[EventDate "1999.05.15"]
[PlyCount "103"]

1.e4 c5 2.Nf3 e6 3.d4 cxd4 4.Nxd4 Nc6 5.Nc3 Qc7 6.Be3 a6 7.f3 Nf6 8.g4 h6 
9.Qd2 Ne5 10.Bf4 Bd6 11.Bg3 b5 12.O-O-O Be7 13.Ndxb5 axb5 14.Nxb5 Qb8 15.
Qc3 d6 16.Nc7+ Kf8 17.Nxa8 Qxa8 18.Bxe5 dxe5 19.Bb5 Ne8 20.a4 f6 21.Rd3 
Nd6 22.Bc6 Qb8 23.Rhd1 Ba6 24.Bb5 Bxb5 25.axb5 Kf7 26.Qc6 Rc8 27.Qa6 Nxb5 
28.Rb3 Qc7 29.c3 Nd4 30.Rb7 Qc5 31.Rd3 Rc6 32.Qa4 Ne2+ 33.Kc2 Rb6 34.Rd8 
Nd4+ 35.Kb1 Nc6 36.Rxb6 Nxd8 37.Rb8 Qc7 38.Ra8 Qb7 39.Ra7 Qc6 40.Qa5 Qd6 
41.Qa4 Nc6 42.Rb7 Kg6 43.Qc2 Na5 44.Ra7 Nc4 45.Qe2 Nb6 46.h4 Nd7 47.h5+ 
Kf7 48.Kc2 Bd8 49.b4 Bb6 50.Qa6 Ke7 51.Ra8 Be3 52.Re8+ 1-0

[Event "49th RUS-ch (w)"]
[Site "Moscow RUS"]
[Date "1999.05.23"]
[Round "8"]
[White "Stepovaya-Dianchenko, Tatiana"]
[Black "Zaitseva, Ludmila"]
[Result "0-1"]
[WhiteElo "2444"]
[BlackElo "2334"]
[EventDate "1999.05.15"]
[PlyCount "80"]

1.e4 c6 2.d4 d5 3.Nd2 dxe4 4.Nxe4 Bf5 5.Nc5 Nd7 6.Nxb7 Qb6 7.Nc5 Nxc5 8.
dxc5 Qxc5 9.c3 Nf6 10.Be3 Qa5 11.Bc4 e6 12.Nf3 Rd8 13.Qe2 Bg4 14.h3 Bh5 
15.O-O Be7 16.Bd4 O-O 17.g4 Bg6 18.Ne5 Qc7 19.f4 c5 20.Bf2 Nd7 21.Nxg6 
hxg6 22.Bg3 Nb6 23.Bd3 g5 24.Bh2 Bd6 25.Bc2 Bxf4 26.Rxf4 gxf4 27.Qe4 g6 
28.Bxf4 Qe7 29.Bh6 Rfe8 30.Rf1 Rd7 31.Be3 Red8 32.c4 Qh4 33.Qf4 e5 34.Qxe5
Nxc4 35.Qf4 Nxe3 36.Qxe3 Re7 37.Qf3 Qg5 38.Bb3 c4 39.Bc2 Qe3+ 40.Qxe3 Rxe3
0-1

[Event "49th RUS-ch (w)"]
[Site "Moscow RUS"]
[Date "1999.05.23"]
[Round "8"]
[White "Slavina, Irina"]
[Black "Kosteniuk, Alexandra"]
[Result "1/2-1/2"]
[WhiteElo "2265"]
[BlackElo "2329"]
[EventDate "1999.05.15"]
[PlyCount "85"]

1.d4 d5 2.c4 c6 3.Nf3 e6 4.Nbd2 f5 5.g3 Bd6 6.Bg2 Nd7 7.O-O Qf6 8.b3 Nh6 
9.a4 Nf7 10.Ba3 g5 11.cxd5 exd5 12.Bxd6 Qxd6 13.e3 O-O 14.Qc2 Nf6 15.Qc5 
Qxc5 16.dxc5 Ne4 17.Nxe4 fxe4 18.Nd4 Ne5 19.f4 gxf4 20.gxf4 Nd3 21.b4 Nxb4
22.a5 Rf6 23.Rfc1 Rg6 24.Kh1 Na6 25.Bf1 Nc7 26.Rab1 a6 27.Rb6 Nb5 28.Bxb5 
axb5 29.Ra1 Ra6 30.Ra2 Kf7 31.Ra1 Ke7 32.Ra2 Kd8 33.Rxa6 bxa6 34.f5 Rf6 
35.Rg2 Bd7 36.Rg5 Ke8 37.Kg2 Kf7 38.Rh5 Kg7 39.Kg3 Be8 40.Rg5+ Kf7 41.Rh5 
Kg7 42.Rg5+ Kf7 43.Rh5 1/2-1/2

[Event "49th RUS-ch (w)"]
[Site "Moscow RUS"]
[Date "1999.05.23"]
[Round "8"]
[White "Zayats, Elena"]
[Black "Lopatskaya, Elena"]
[Result "1/2-1/2"]
[WhiteElo "2293"]
[BlackElo "2284"]
[EventDate "1999.05.15"]
[PlyCount "41"]

1.d4 Nf6 2.Nf3 d6 3.c4 Nbd7 4.Nc3 e5 5.e4 Be7 6.Be2 c6 7.O-O O-O 8.Qc2 a6 
9.Rd1 Qc7 10.Bg5 Re8 11.Rac1 Nf8 12.h3 Bd7 13.Be3 Rac8 14.dxe5 dxe5 15.c5 
Rcd8 16.Na4 Be6 17.b4 h6 18.Nb6 Ng6 19.Nc4 Qb8 20.a3 Qc7 21.Rxd8 1/2-1/2

[Event "49th RUS-ch (w)"]
[Site "Moscow RUS"]
[Date "1999.05.24"]
[Round "9"]
[White "Chasovnikova, Evgenia"]
[Black "Slavina, Irina"]
[Result "1/2-1/2"]
[WhiteElo "2247"]
[BlackElo "2265"]
[EventDate "1999.05.15"]
[PlyCount "44"]

1.d4 g6 2.Nf3 d6 3.c4 Nf6 4.Nc3 Bg7 5.e4 O-O 6.Be2 e5 7.O-O exd4 8.Nxd4 
Re8 9.f3 c6 10.Be3 Nbd7 11.Qd2 Nb6 12.Rfd1 Qe7 13.a4 d5 14.cxd5 cxd5 15.e5
Qxe5 16.Bf4 Qe7 17.a5 Nbd7 18.Ndb5 Ne5 19.Bf1 a6 20.Bxe5 Qxe5 21.Re1 Qb8 
22.Nxd5 Be6 1/2-1/2

[Event "49th RUS-ch (w)"]
[Site "Moscow RUS"]
[Date "1999.05.24"]
[Round "9"]
[White "Demina, Yulia"]
[Black "Matveeva, Svetlana"]
[Result "1/2-1/2"]
[WhiteElo "2361"]
[BlackElo "2405"]
[EventDate "1999.05.15"]
[PlyCount "25"]

1.d4 d5 2.c4 e6 3.Nf3 Nf6 4.g3 Be7 5.Bg2 O-O 6.O-O dxc4 7.Qc2 a6 8.Qxc4 b5
9.Qc2 Bb7 10.Bd2 Be4 11.Qc1 Bb7 12.Qc2 Be4 13.Qc1 1/2-1/2

[Event "49th RUS-ch (w)"]
[Site "Moscow RUS"]
[Date "1999.05.24"]
[Round "9"]
[White "Fatalibekova, Elena"]
[Black "Grabuzova, Tatiana"]
[Result "0-1"]
[WhiteElo "2271"]
[BlackElo "2281"]
[EventDate "1999.05.15"]
[PlyCount "84"]

1.d4 d5 2.c4 dxc4 3.Nf3 Nf6 4.e3 e6 5.Bxc4 c5 6.O-O Nc6 7.Qe2 cxd4 8.Rd1 
Be7 9.exd4 O-O 10.Nc3 Na5 11.Bd3 b6 12.Ne5 Bb7 13.Be3 Nd5 14.Rac1 Rc8 15.
Bb1 f5 16.f3 Bf6 17.Nxd5 Qxd5 18.Bf2 Nc6 19.Nxc6 Rxc6 20.Rxc6 Bxc6 21.Bd3 
b5 22.Kh1 g5 23.Bg1 g4 24.Rf1 Kh8 25.f4 h5 26.Rc1 a6 27.Rc5 Qd6 28.Qc2 Bd5
29.Bxf5 exf5 30.Qxf5 Bf7 31.d5 Bg7 32.b4 Bg6 33.Qg5 Qf6 34.Qxf6 Rxf6 35.
Rc6 Be4 36.Rxf6 Bxf6 37.d6 Bc6 38.Bc5 Kg7 39.Kg1 Kg6 40.Kf2 Kf5 41.g3 Ke4 
42.Ke2 Bd4 0-1

[Event "49th RUS-ch (w)"]
[Site "Moscow RUS"]
[Date "1999.05.24"]
[Round "9"]
[White "Kosintseva, Tatiana"]
[Black "Kovalevskaya, Ekaterina"]
[Result "0-1"]
[WhiteElo "2177"]
[BlackElo "2494"]
[EventDate "1999.05.15"]
[PlyCount "94"]

1.e4 c5 2.c3 Nf6 3.e5 Nd5 4.d4 cxd4 5.Nf3 e6 6.cxd4 b6 7.Nc3 Nxc3 8.bxc3 
Qc7 9.Bd2 Bb7 10.Bd3 d6 11.O-O Nd7 12.Bf4 dxe5 13.Nxe5 Nxe5 14.Bb5+ Bc6 
15.Bxe5 Qd7 16.Bxc6 Qxc6 17.Re1 O-O-O 18.Qh5 f6 19.Bg3 Ba3 20.Qf7 Qd7 21.
Qxe6 Qxe6 22.Rxe6 Kd7 23.Re3 Rc8 24.Rb1 Rhe8 25.Rxe8 Kxe8 26.Rb3 Bc1 27.h3
Rc4 28.Kf1 Ra4 29.Ke2 Rxa2+ 30.Kd3 Kd7 31.Rb1 Ba3 32.Rb5 Be7 33.Kc4 Ra4+ 
34.Kd5 Ra1 35.c4 Rd1 36.Ke4 Kc6 37.Rb2 Ra1 38.f3 Ba3 39.Re2 Bb4 40.Rc2 Ra3
41.Bf2 Bd6 42.Kf5 Kd7 43.c5 Bc7 44.c6+ Ke7 45.d5 Ra4 46.d6+ Bxd6 47.Re2+ 
Kf7 0-1

[Event "49th RUS-ch (w)"]
[Site "Moscow RUS"]
[Date "1999.05.24"]
[Round "9"]
[White "Kosteniuk, Alexandra"]
[Black "Polovnikova, Ekaterina"]
[Result "1/2-1/2"]
[WhiteElo "2329"]
[BlackElo "2336"]
[EventDate "1999.05.15"]
[PlyCount "137"]

1.e4 c6 2.d4 d5 3.e5 Bf5 4.Nf3 e6 5.Be2 Nd7 6.O-O Ne7 7.Nh4 Qb6 8.b3 c5 9.
c3 Bg6 10.Nxg6 hxg6 11.Na3 Nf5 12.Nc2 Be7 13.Bb2 O-O 14.g3 a5 15.Rb1 a4 
16.b4 cxd4 17.cxd4 Rfc8 18.Qd2 Rc7 19.Bd3 Rac8 20.h4 Nb8 21.a3 Nd7 22.Kg2 
Qa7 23.h5 gxh5 24.Bxf5 exf5 25.Ne3 Qa6 26.Nxf5 Qe6 27.Nxe7+ Qxe7 28.Qd1 
Qg5 29.Rh1 g6 30.Qxa4 Nf8 31.Qd1 Ne6 32.Rc1 Qf5 33.Rxc7 Rxc7 34.Qf3 Qxf3+ 
35.Kxf3 Rc2 36.Rb1 Ng5+ 37.Ke3 Ne4 38.a4 Nxf2 39.Bc1 Ne4 40.a5 Rc3+ 41.Ke2
Nxg3+ 42.Kf2 Ne4+ 43.Kg1 Rc4 44.b5 Nc3 45.Rb2 Ne2+ 46.Rxe2 Rxc1+ 47.Kg2 
Rb1 48.e6 Kf8 49.Rf2 f5 50.Kf3 g5 51.Rg2 Rb3+ 52.Ke2 Rb2+ 53.Kf1 Rb1+ 54.
Ke2 g4 55.Rf2 g3 56.Rxf5+ Ke7 57.Rg5 h4 58.a6 bxa6 59.bxa6 Kxe6 60.Kf3 h3 
61.a7 h2 62.Rh5 Rb3+ 63.Kf4 Ra3 64.Rh6+ Kf7 65.a8=Q Rxa8 66.Kxg3 Ra2 67.
Rxh2 Rxh2 68.Kxh2 Kf6 69.Kg2 1/2-1/2

[Event "49th RUS-ch (w)"]
[Site "Moscow RUS"]
[Date "1999.05.24"]
[Round "9"]
[White "Lopatskaya, Elena"]
[Black "Shadrina, Tatiana"]
[Result "1/2-1/2"]
[WhiteElo "2284"]
[BlackElo "2325"]
[EventDate "1999.05.15"]
[PlyCount "77"]

1.Nf3 d5 2.b3 c5 3.e3 Nc6 4.Bb2 Bg4 5.Bb5 Qb6 6.Be2 Nf6 7.O-O e6 8.d3 Be7 
9.Nbd2 O-O 10.Ne5 Nxe5 11.Bxe5 Bxe2 12.Qxe2 Nd7 13.Bb2 Qc7 14.e4 d4 15.a4 
e5 16.Nc4 b6 17.Bc1 a6 18.f4 b5 19.Nxe5 Nxe5 20.fxe5 Qxe5 21.Qg4 Bd6 22.g3
Qe7 23.Bg5 f6 24.Bd2 Be5 25.Ra2 c4 26.axb5 cxb3 27.cxb3 axb5 28.Rfa1 Rxa2 
29.Rxa2 Qf7 30.Qd1 Rc8 31.Ra5 Qc7 32.Qg4 Rb8 33.Ra2 Qf7 34.Qd1 h5 35.Bb4 
Rc8 36.Kg2 g6 37.Bd2 Qb7 38.Qa1 Qc6 39.Kg1 1/2-1/2

[Event "49th RUS-ch (w)"]
[Site "Moscow RUS"]
[Date "1999.05.24"]
[Round "9"]
[White "Lundina, Aelita"]
[Black "Ershova, Svetlana"]
[Result "1/2-1/2"]
[WhiteElo "2220"]
[BlackElo "2263"]
[EventDate "1999.05.15"]
[PlyCount "117"]

1.Nf3 Nf6 2.g3 g6 3.Bg2 Bg7 4.O-O O-O 5.c4 d6 6.d4 Nbd7 7.Nc3 e5 8.h3 Re8 
9.e4 exd4 10.Nxd4 Nc5 11.Re1 a5 12.Rb1 Bd7 13.Kh2 Qc8 14.f4 h6 15.b3 c6 
16.Bb2 Nh5 17.Qd2 a4 18.b4 a3 19.Ba1 Na4 20.Nd1 Nb6 21.Ne3 Qc7 22.Bf3 Nf6 
23.Qc2 Re7 24.c5 dxc5 25.Qxc5 Be8 26.e5 Nfd5 27.Nxd5 cxd5 28.Rbc1 Qd8 29.
Bg4 Na4 30.Qc2 Qb6 31.Qb3 Rc7 32.Qxa3 Rxc1 33.Rxc1 Bf8 34.Qb3 Qxb4 35.Qxb4
Bxb4 36.Rc8 Rxc8 37.Bxc8 b5 38.Bb7 Bc3 39.Bxc3 Nxc3 40.a3 Kf8 41.Kg2 Ke7 
42.Kf2 Kd8 43.Ke3 Kc7 44.Kd3 Ne4 45.Bxd5 Nxg3 46.Kc3 Kb6 47.Kb4 Nh5 48.Ne2
Ng7 49.Ng3 Ne6 50.Bxe6 fxe6 51.Ne4 Kc6 52.h4 Bd7 53.Nf6 Bc8 54.Ng8 Kd5 55.
Ne7+ Ke4 56.Nxc8 Kxf4 57.Kxb5 g5 58.hxg5 hxg5 59.a4 1/2-1/2

[Event "49th RUS-ch (w)"]
[Site "Moscow RUS"]
[Date "1999.05.24"]
[Round "9"]
[White "Ovchinnikova, Yulia"]
[Black "Kosintseva, Nadezhda"]
[Result "1-0"]
[WhiteElo "2205"]
[BlackElo "2209"]
[EventDate "1999.05.15"]
[PlyCount "117"]

1.d4 Nf6 2.c4 c5 3.d5 b5 4.Nd2 g6 5.e4 bxc4 6.Bxc4 d6 7.b3 Bg7 8.Bb2 O-O 
9.Ngf3 Bg4 10.Qc2 Nbd7 11.h3 Bxf3 12.Nxf3 Nb6 13.Nd2 Rb8 14.O-O Re8 15.
Rfe1 Qc7 16.Rad1 Qb7 17.Bc3 Rbd8 18.Bb5 Rf8 19.a4 a6 20.Be2 e5 21.dxe6 
fxe6 22.a5 Na8 23.Bf3 e5 24.Nc4 Qe7 25.b4 Qe6 26.Qe2 cxb4 27.Bxb4 Ne8 28.
Qd3 Nac7 29.Nb6 Nb5 30.Bg4 Qf7 31.Rf1 Nec7 32.Rc1 h5 33.Bd1 Kh8 34.Bb3 Qf6
35.Rc6 Ne6 36.Nd5 Nf4 37.Nxf4 Qxf4 38.Rxa6 Nd4 39.Bd5 Qg5 40.Kh1 Qh4 41.f3
Bh6 42.Be1 Qg5 43.Rb6 Rc8 44.Rb2 Qf6 45.a6 Rc1 46.Bd2 Bxd2 47.Rxd2 Rc7 48.
f4 Kg7 49.Rdf2 Qh4 50.Kh2 Nc6 51.Qe3 Nb4 52.Bb7 Qe7 53.f5 Rf6 54.fxg6 Rxg6
55.a7 Nc2 56.Qf3 Nd4 57.Qf8+ Qxf8 58.Rxf8 Rc2 59.R8f2 1-0